• 首页
  • 本馆介绍
  • 公告通知
  • 最新文献
  • 馆藏检索
  • 电子资源
  • 读者导购
  • 参考咨询
  • 我的图书馆
  • 登录
  • 详细信息显示
  • 放入我的书架
  • 预约/预借图书
  • 作者相关作品
  • 分类相关作品
  • 丛书相关作品
  • 出版社相关作品

书目信息

  • 表格格式
  • 工作单格式
  • 卡片格式
题名:
抱朴子内篇校释
    
 
作者: 王明
分册:  
出版信息: 北京   中华书局  1980
页数: 363页
开本: 20cm
丛书名:
单 册:
中图分类: B235.7
科图分类:
主题词: 哲学--中国--魏晋南北朝时代 , 哲学--中国--三国时代
电子资源:
ISBN:
000 00529nam0 2200193 450
001 0728815141
005 20070819080015.14
010    @d¥1.35
100    @a20070819d km y0chiy0120 ea
101 0  @achi
200 1  @a抱朴子内篇校释@Abao pu zi nei pian xiao shi@f王明@Fwang ming
210    @a北京@c中华书局@d1980
215    @a363页@d20cm
606 0  @a哲学@x中国@x魏晋南北朝时代
606 0  @a哲学@x中国@x三国时代
690    @aB235.7@v3
701  0 @a王明@Awang ming
801  0 @aCN@bPFT@c20070819
905    @a213230@dB235.7@eZW51@f1
    
    抱朴子内篇校释/王明.-北京:中华书局,1980
    363页;20cm
    
    
    ISBN :¥1.35
    
●
相关链接 在E读中查询图书 在五车中查询图书 在当当中查询图书 在豆瓣中查询图书


正题名:抱朴子内篇校释     索取号:B235.7/ZW51         预约/预借

序号 登录号 条形码 馆藏地/架位号 状态 备注
1 7600126   276001265   密集书库-文学院/ [索取号:B235.7/ZW51] 在馆    
唐山师范学院图书馆 欢迎您!
大连网信软件有限公司© 版权所有